000 00703nam a2200217 i 4500
001 bg
100 1 _aZIMNY, Paweł
245 1 0 _aMetody wariacyjne w elektrotechnice /
_cPaweł Zimny ; Polska Akademia Nauk. Komitet Elektrotechniki.
260 _aGdańsk :
_bPolitechnika Gdańska. Wydaw.,
_c1999.
300 _a207, [1] s. :
_brys., wykr. ;
_c24 cm.
504 _aBibliogr s. 202-205.
650 9 _aRachunek wariacyjny
_xstosowanie
_xelektrotechnika
710 0 _aPolska Akademia Nauk
_bKomitet Elektrotechniki
020 _a8388007025
040 _cBPK
041 0 _apl
080 _a621.31:519.8:517.97
920 _a83-88007-02-5
942 _cKS
008 s pl f |000 0 pol
999 _c38430
_d38430
856 _uhttp://koha.tu.koszalin.pl/cgi-bin/koha/opac-detail.pl?biblionumber=38430
_yKatalog online BPK